000 00638nam a2200277Ia 4500
005 20260324143259.0
008 008 260324s9999 xx 000 0 eng d
020 _a9780429426575
037 _aEBOOK
040 _aCRL
040 _beng
040 _cCRL
041 _2eng
041 _aeng
084 _qCRL
100 _aCecile Wright
_91215069
245 0 _aRace Relations in the Primary School
260 _bTaylor and Francis
260 _c1992
365 _a
365 _b110
856 _uhttp://www.taylorfrancis.com/books/9780429426575
942 _cEBOOK
999 _c1820246
_d1820246